000 nam a22 a 4500
999 _c1396
_d1396
005 20170509125632.0
008 170509b1972 xxu||||| |||| 00| 0 eng d
020 _a0130798528
040 _aAKMAL
082 _a301.14 SCH
090 _a301.14
_bSCH
100 1 _aSCHEFLEN, Albert Edward.
_92746
245 1 0 _aBody language and the social order: communication as behavioral control. ([By] Albert E. Scheflen ... with Alice Scheflen.).
260 _aEnglewood Cliffs, N.J.: Prentice-Hall, [1972].
_c1972
300 _app. xv, 208;
_billus.
_c21 cm
700 1 _aSCHEFLEN, Alice.
_92747
852 4 1 _aBritish Library
_b HMNTS
942 _2ddc
_cBOOK